Регионална библиотека "Любен Каравелов" - Русе

Repetitions ecrites ser le Code civil contenant l`expose des pringipes generaux leurs motifs et la solution des questions theoriques (Запис номер 406872)

MARC детайли
000 -Лидер
Контролно поле с фиксирана дължина nam a22 a 4500
003 - Код на организацията, давaща контролен номер
Контролно поле BLK
005 - Дата и час на последна редакция
Контролно поле 20210413100609.0
008 - Елементи от данни с фиксирана дължина
fixed length control field 180412b bul|||||r ||||||| ||bul||
040 ## - Източник на каталожния запис
Идентификатор на билиотеката - собственик на записа BLK
041 ## - Код за език
Код за езика на текст/звукозапис или на отделно заглавие Френски
Код за езика КДБФ Френски
080 ## - УДК
Текстов определител УДК Гражданско съдопроизводство. Граждански процес. - Видове гражданско съдопроизводство:арбитражна, опростени процедури за по-дребни случаи, формалности при съдебна процедура, разследване, доказване
УДК код - определител по УДК 347.91/.95
УДК - код + определител 347.91/.95(44)(094)
УДК определител (44)(094)
100 ## - Редна дума - Автор
Автор Mourlon, Frederic
Авторска отговорност първи автор
R(LIN) 435322
139 ## - Редно поле
Редна дума Mourlon, Frederic
245 10 - Сведения за заглавието
Заглавие Repetitions ecrites ser le Code civil contenant l`expose des pringipes generaux leurs motifs et la solution des questions theoriques
Редно поле (дума) Frederic Mourlon.
Том Tome Troisieme
257 ## - Страна на издаване
Страна на създаване/издаване Франция
260 ## - Област на издателските данни
Място на издаване, разпространение и проч. Paris
Име на издателя, разпространителя и проч. Librairie Garnier Freres
Година на издаване 1883
9 (RLIN) 443444
300 ## - Физическа характеристика
Размери/Мащаб 22 cm
380 ## - Жанр
Жанр Обществени науки
490 ## - СЕРИИ (Колекции)
9 (RLIN) 435080
Име на серия Колекция Редки и ценни издания
500 ## - Общи забележки
Забележка Frederic Mourlon docteur en droit, avocat a la cour de Paris. - Onzieme edition, revue et mise au courant par Ch. Demangeat conseiller a la Cour de cassation, professeur. - Кор. загл.: Repetitions ecrites sur le Code civil (premier examen de baccalaureat)
505 ## - Форматирана забележка
Заглавие Автограф от Ф. Филчев с текст: Подарява на русенската градска библиотека. Ф. Филчев, Януари`95 г.
650 #0 - Допълнително описание по предмет – тема
Основно описание – тема или топоним Граждански процесуален кодекс - Франция
9 (RLIN) 435307
653 ## - Ключова дума – ненормативна
Ключова дума граждански процес
760 1# - Описание на основната серия
Редна дума на основното описание Mourlon, Frederic
Място на издаване, издател и година Paris, 1883
Страници - том 972 p.
Заглавие Repetitions ecrites ser le Code civil contenant l`expose des pringipes generaux leurs motifs et la solution des questions theoriques
Част - том Tome Troisieme
852 ## - Местоположение
Форматна сигнатура Рф 883
Фондова буква Редки и ценни
999 ## - СИСТЕМНИ КОНТРОЛНИ НОМЕРА
Koha biblionumber 406872
Koha biblioitemnumber 406872
942 ## - АРТИКУЛИ
Вид на библиотечния материал Книги
Скрит в OPAC Не
Периодичен библиозапис Да
944 ## - СЪЗДАВАНЕ И РЕДАКЦИЯ на ЗАПИСА
Създаване/Редакция Създаване
Дата на регистрацията/редакция 2021-04-08
Служител, извършил регистрацията/редакцията СТ
999 ## - СИСТЕМНИ КОНТРОЛНИ НОМЕРА
Koha biblioitemnumber 406872
999 ## - СИСТЕМНИ КОНТРОЛНИ НОМЕРА
Koha biblioitemnumber 406869
999 ## - СИСТЕМНИ КОНТРОЛНИ НОМЕРА
Koha biblioitemnumber 405680
Наличности
Код за отписване Код за изгубен артикул Източник на класификационната схема Код за повреда Коз за рестрикции Код за отдаване Артикулен № Име на библиотеката - собственик Име на библиотеката, в която се намира в момента Статус (Текущо местоположение) Дата на вписване в системата Местоположение - отдел Цена в лева Инвентарен номер Систематично азбучна сигнатура Баркод Цена в евро Служебен тип на артикула
  Не е изгубен Universal Decimal Classification Не е повреден само за читалня Специални фондове ( старопечатни, редки и ценни, фонд М. Арнаудов) 854947 Регионална библиотека "Любен Каравелов" Русе Регионална библиотека "Любен Каравелов" Русе Редки и ценни 2021-09-24 Редки и ценни 1.94 13986-ІІІ Рф 883 900000045479 0.99 Книги
Vip Innovations Ltd, Rousse, Bulgaria 2025